| 000 | 00479nam a2200193Ia 4500 | ||
|---|---|---|---|
| 008 | 170203s9999 xx 000 0 und d | ||
| 020 | _a9780143029083 | ||
| 050 | _a796 | ||
| 050 | _b.A398w 2003 | ||
| 100 | _aAli, Qasier Mohammad. | ||
| 245 | _aWorld Cup Cricket Companion / | ||
| 245 | _cQaiser Mohammad Ali | ||
| 260 | _aNew Delhi : | ||
| 260 | _bPenguin Books | ||
| 260 | _c2003 | ||
| 500 | _aforeword by Sourav Ganguly. | ||
| 650 | _aCricket | ||
| 650 | _xSports. | ||
| 999 |
_c305427 _d305427 |
||